000 04980cam a22012494i 4500
003 PE-LiUPU
005 20250813185603.0
008 150706s r 000 0 d
020 _a9786124011023
035 _a(Sirsi) i9786124011023
040 _aPE-LiUPU
_bspa
_cPE-LiUPU
_erda
049 _aPRUA
082 0 4 _a378.85
_bUPH
_221
110 2 _aRíos Burga, Jaime R.
245 1 3 _aLa universidad en la etapa colonial /
_cJaime R. Ríos Burga.
264 1 _aLima :
_bAsamblea Nacional de Rectores,
_c2009.
300 _a992 páginas :
_bilustraciones ;
_c25 cm.
336 _atext
_2rdacontent
337 _aunmediated
_2rdamedia
338 _avolume
_2rdacarrier
490 0 _aLa universidad en el Perú: Historia, Presente y Futuro ;
_v2
504 _aIncluye bibliografía.
505 0 _aVida universitaria, cátedras y biografías -- Vida universitaria. Carlos Daniel Valcárcel -- La funcionalidad de la pedagogía colegial universitaria: El caso del Colegio Real de San Felipe y San Marcos de Lima y su filiación constitucional hispánica. Pedro Manuel Alonso Marañón -- Rápida ojeada sobre la organización civil, política y económica del virreinato del Perú. Mariano Felipe Paz Soldán -- La vida cotidiana en la universidad y colegios. Jean Déscola -- Vida intelectual, la educación y las ciencias. Fernando Silva Santisteban -- La universidad y sus hombres representativos en el siglo XVII. Luis Antonio Eguiguren -- Libro de oposiciones de la Universidad San Antonio del Cusco. (Siglo XVIII). Carlos Daniel Valcárcel -- Los fundadores -- La universidad en el siglo XVII. Felipe Barreda y Laos -- La influencia de los clásicos en la filosofía colonial peruana. Fray Jerónimo de Valera (1568 -1625). María Luisa Rivara de Tuesta -- La universidad de San Marcos en su historia. Miguel Maticorena Estrada -- El doctor Alberto de Acuña oidor en Lima, nominado Presidente en Guadalajara. Manuel Moreyra Paz Sóldan -- Sobre la escolástica virreinal peruana: el P. Leonardo de Peñafiel, comentarista de Aristóteles (1632). Teodoro Hampe Martínez -- El probabilismo en el Perú durante el siglo XVIII. Pablo Macera Dall´orso -- De claustros. Carlos Daniel Valcárcel -- Grado académico: Oratio Habita Limae in Regia Divi MArci Academia. D.D. Josepho Michaele de Carvajal -- Elogio al Virrey Jáuregui. José BAquijano y Carrillo -- Informe del doctor Don Toribio Rodríguez. Judith Prieto de Zegarra -- Ensayo biográfico de Don Toribio Rodríguez de Mendoza. Jorge Guillermo Leguía.
526 _aP202
526 _aP201
526 _aP163
526 _aP162
526 _aP161
526 _aP160
526 _aP148
526 _aP147
526 _aP146
526 _aP145
526 _aP144
526 _aP143
526 _aP142
526 _aP141
526 _aP140
526 _aP139
526 _aP138
526 _aP137
526 _aP136
526 _aP135
526 _aP134
526 _aP133
526 _aP129
526 _aP128
526 _aP127
526 _aP120
526 _aP119
526 _aP118
526 _aP116
526 _aP115
526 _aP114
526 _aP110
526 _aP109
526 _aP108
526 _aP104
526 _aP103
526 _aP102
526 _aP99
526 _aP98
526 _aP97
526 _aP96
526 _aP95
526 _aP93
526 _aP90
526 _aP89
526 _aP88
526 _aP83
526 _aP82
526 _aP62
526 _aP59
526 _aP58
526 _aP57
526 _aP51
526 _aP49
526 _aP48
526 _aP47
526 _aP29
526 _aP24
526 _aP20
526 _aP19
526 _aP17
526 _aP15
526 _aP14
526 _aP12
526 _aP10
526 _aP09
526 _aP08
526 _aP07
526 _aP06
526 _aP05
526 _aP04
526 _aP01
650 0 4 _aUniversidades
_zPerú
_xHistoria.
910 _bjck
_d20110415
942 _2ddc
_cBOOK
949 _a378.85 UPH 2
_wDEWEY
_c1
_i62844
_lCCODEBUL1
_mBUL
_p22.00
_r0
_sY
_tBOOK
_u2015-7-6
_xBIBLIOTECA
_zUNKNOWN
_o.STAFF. Colección General
949 _a378.85 UPH 2
_wDEWEY
_c2
_i62843
_lCCODEBUL1
_mBUL
_p22.00
_r0
_sY
_tBOOK
_u2015-7-6
_xBIBLIOTECA
_zUNKNOWN
_o.STAFF. Colección General
994 _aC0
_bPEPRU
596 _a1
999 _a378.85 UPH 1
_wDEWEY
_c51856
_i62842
_f2021-11-8
_g5
_lCCODEBUL1
_mBUL
_p22.00
_r0
_sN
_tBOOK
_u2015-7-6
_xEDUCACION
_zUNKNOWN
_0COMPRA
_o.STAFF. Colección General
_d51856
999 _a378.85 UPH 1
_wDEWEY
_c2
_i62841
_f2021-11-8
_g5
_lCCODEBUL1
_mBUL
_p22.00
_r0
_sY
_tBOOK
_u2015-7-6
_xEDUCACION
_zUNKNOWN
_0COMPRA
_o.STAFF. Colección General
980 _81
_gALBERTO SANCHEZ Responsable de Automatización